000 00475nam a2200157 4500
001 46073
090 _a46073
100 _a20260430 pory50
101 _apor
102 _aPT
200 _aA CerĂ¢mica Cardial da Gruta do Escoural
_dIn separata das Actas do II Congresso Nacional de Arqueologia
_fM. Farinha dos santos
210 _aCoimbra
_cII Congresso Nacional de Arqueologia
_d1971
215 _ap. 93-94, [1]
_cil.
675 _a738(469)
801 _aPT
_gRPC
990 _cLIVROS